Welcome to CU Library Online Public Access Catalogue (OPAC)

BOOK 3 ANIMAL SCIENCE (Record no. 7686)

MARC details
000 -LEADER
fixed length control field 00347nam a22001457a 4500
005 - DATE AND TIME OF LATEST TRANSACTION
control field 20250924134628.0
008 - FIXED-LENGTH DATA ELEMENTS--GENERAL INFORMATION
fixed length control field 250924b |||||||| |||| 00| 0 eng d
020 ## - INTERNATIONAL STANDARD BOOK NUMBER
International Standard Book Number 0304302090
050 ## - LIBRARY OF CONGRESS CALL NUMBER
Classification number SF61
Item number OSI
100 ## - MAIN ENTRY--PERSONAL NAME
Personal name OSITELU G.S.
245 ## - TITLE STATEMENT
Title BOOK 3 ANIMAL SCIENCE
260 ## - PUBLICATION, DISTRIBUTION, ETC.
Place of publication, distribution, etc. IBADAN
Name of publisher, distributor, etc. CASSELL, LTD
Date of publication, distribution, etc. c1981
300 ## - PHYSICAL DESCRIPTION
Extent 105p
942 ## - ADDED ENTRY ELEMENTS (KOHA)
Source of classification or shelving scheme Library of Congress Classification
Koha item type Books
Suppress in OPAC No
999 ## -
-- 7686
-- 7686
Holdings
Withdrawn status Lost status Source of classification or shelving scheme Damaged status Not for loan Collection Home library Current library Shelving location Date acquired Total checkouts Full call number Barcode Date last seen Copy number Price effective from Koha item type
    Library of Congress Classification     Non-fiction Undergraduate Library (Christ Temple) Undergraduate Library (Christ Temple) General stacks 09/24/2025   SF61 OSI ulct00004995 09/24/2025 1 09/24/2025 Books
© 2023-2024 Copyright: Central University Libraries. All Rights Reserved | Created by: Mahone Tech Office